| 000 | 00478 a2200169 4500 | ||
|---|---|---|---|
| 020 | _a0136380239 | ||
| 090 |
_c5092 _d5092 |
||
| 100 | 1 | _aPankove, Jacques I. | |
| 245 | 0 | 0 | _aOptical processes in semiconductors. |
| 260 |
_aEnglewood Cliffs, _c1971 |
||
| 300 |
_a422 s. : _bill. |
||
| 440 | 0 | _aSolid state physical electronics series, | |
| 650 | 0 |
_aSemiconductors _xOptical properties |
|
| 650 | 0 | _xEffect of radiation on | |
| 650 | 0 | _aHalvledare: fysik | |
| 942 |
_cBK _k537.6 PAN |
||
| 999 |
_c8967 _d8967 |
||